[Event "Open Semana Santa 2023"]
[Site "?"]
[Date "2023.04.08"]
[Round "6.78"]
[White "CM Aymerich Verdaguer, Eduard"]
[Black "Beneyto De Ramon, Guillermo"]
[Result "1-0"]
[WhiteElo "2215"]
[BlackElo "1953"]
[PlyCount "117"]

1. d4 d5 2. c4 e6 3. Nf3 c5 4. cxd5 exd5 5. g3 Nc6 6. Bg2 Nf6 7. O-O Be7 8.
dxc5 Bxc5 9. a3 O-O 10. b4 Bb6 11. Bb2 a6 12. Nbd2 Re8 13. Nb3 Bg4 14. Ra2 Ne4
15. Qa1 Nxf2 16. Rxf2 Rxe2 17. Nc5 Rxf2 18. Kxf2 Qd6 19. Kf1 Bxc5 20. bxc5 Qxc5
21. Bxg7 Bxf3 22. Bxf3 d4 23. Bxc6 Kxg7 24. Be4 Re8 25. Qb1 Qc4+ 26. Re2 b5 27.
Bd3 Qc6 28. Rxe8 Qxe8 29. Qe1 Qc6 30. Qe5+ Kg8 31. Qe4 Qh6 32. h4 Qh5 33. Kg2
a5 34. Qe8+ Kg7 35. Qxb5 Qd1 36. Qg5+ Kh8 37. Qd8+ Kg7 38. Qxd4+ Kf8 39. Qd8+
Kg7 40. Qg5+ Kh8 41. Qf5 Kg7 42. Qxh7+ Kf8 43. Qh6+ Ke7 44. Qe3+ Kf8 45. Qc5+
Kg7 46. Bc4 Qc2+ 47. Kh3 Qb1 48. Qg5+ Kf8 49. Qd5 Ke8 50. Qxf7+ Kd8 51. Qf6+
Kc7 52. Qe5+ Kd8 53. Qd6+ Ke8 54. Be6 Qf1+ 55. Kg4 Qe2+ 56. Kg5 Qe3+ 57. Kh5
Qe2+ 58. g4 Qb5+ 59. Kh6 1-0

[Event "Open Semana Santa 2023"]
[Site "?"]
[Date "2023.04.08"]
[Round "6.79"]
[White "Kocharin, Timur"]
[Black "Oreshkin, Vladislav"]
[Result "1-0"]
[WhiteElo "2203"]
[BlackElo "1943"]
[PlyCount "69"]

1. e4 c5 2. Nf3 e6 3. d4 cxd4 4. Nxd4 a6 5. c4 Nf6 6. Nc3 Qc7 7. a3 b6 8. Be3
Be7 9. Be2 Bb7 10. f3 Nc6 11. Rc1 Nxd4 12. Bxd4 Bd6 13. g3 h5 14. Na4 Bc5 15.
Nxc5 bxc5 16. Bc3 h4 17. Kf2 e5 18. Qd2 d6 19. Qe3 Ke7 20. b4 cxb4 21. axb4
Rag8 22. g4 Nd7 23. Rhd1 Rh6 24. Qg5+ Rf6 25. c5 Kf8 26. Rxd6 Rxd6 27. cxd6
Qb6+ 28. Kf1 f6 29. Qf5 Qd8 30. Bc4 g6 31. Qe6 Rg7 32. Bd2 Nb6 33. Bh6 Nxc4 34.
Rxc4 a5 35. Rc7 1-0

[Event "Open Semana Santa 2023"]
[Site "?"]
[Date "2023.04.08"]
[Round "6.80"]
[White "CM Balague Camps, Marc"]
[Black "Crespo Ruiz, Manuel Maria"]
[Result "1-0"]
[WhiteElo "2197"]
[BlackElo "1936"]
[PlyCount "181"]

1. d4 d5 2. c4 e6 3. Nc3 a6 4. cxd5 exd5 5. Bf4 Nf6 6. Nf3 Bd6 7. Bg3 O-O 8. e3
Re8 9. Bd3 h6 10. Qc2 Be6 11. O-O Bxg3 12. hxg3 c6 13. b4 Qd6 14. Rab1 b5 15.
a4 Nbd7 16. a5 Rac8 17. Nh4 Nf8 18. Nf5 Bxf5 19. Bxf5 Rc7 20. Rb3 g6 21. Bd3
Kg7 22. Ne2 Ne6 23. Nf4 Ng5 24. Be2 Nge4 25. Nd3 Nd7 26. Bf3 h5 27. Rc1 f5 28.
Bxe4 Rxe4 29. Rc3 Re6 30. Nf4 Rf6 31. Qe2 Nb8 32. Qf3 Rd7 33. Rc5 Qe7 34. Nd3
Rdd6 35. Ne5 Qe6 36. R5c3 Qc8 37. Nd3 Nd7 38. Qf4 Rfe6 39. Qg5 Kf7 40. Nf4 Rf6
41. R1c2 Qe8 42. Kf1 Nf8 43. Qh6 Kg8 44. Nd3 Nd7 45. Ke1 Rde6 46. Kd1 Qf8 47.
Qg5 Kh7 48. Qf4 Qd6 49. Qh4 Qf8 50. Qf4 Qd6 51. Qf3 Qe7 52. Kc1 Rd6 53. Nf4 Kg7
54. Kb2 Qe8 55. Ka3 Nf8 56. Nd3 Nd7 57. Nf4 Nf8 58. Rc1 Qe4 59. Qd1 Qe8 60. Rd3
Ne6 61. Qc2 Nxf4 62. gxf4 Rde6 63. Qc5 Qa8 64. Qb6 Kh6 65. Rdc3 Rd6 66. Rc5 Qc8
67. R1c2 Rfe6 68. Kb3 Rf6 69. Rc1 Rfe6 70. R5c2 Rf6 71. Rh1 Kg7 72. Qc5 Qd7 73.
Rh3 Rfe6 74. Rc1 Qc7 75. Rg3 Kf7 76. Rg5 Qd7 77. Rh1 Qc8 78. g4 fxg4 79. f5 Rf6
80. fxg6+ Rxg6 81. Rgxh5 Qd7 82. Qc2 Rg7 83. Re5 Rdg6 84. Rh8 Rf6 85. Qc5 g3
86. fxg3 Qg4 87. Rf8+ Kg6 88. Rxf6+ Kxf6 89. Qxc6+ Kf7 90. Qxd5+ Kg6 91. Qe6+
1-0

[Event "Open Semana Santa 2023"]
[Site "?"]
[Date "2023.04.08"]
[Round "6.81"]
[White "Mompel Ferruz, Xavier"]
[Black "Alvarez Morales, Miguel"]
[Result "1/2-1/2"]
[WhiteElo "2195"]
[BlackElo "1924"]
[Annotator "Usuario"]
[PlyCount "38"]
[EventDate "2023.??.??"]

1. e4 c6 2. Nf3 d5 3. Nc3 Bg4 4. h3 Bxf3 5. Qxf3 e6 6. Be2 Nd7 7. d4 dxe4 8.
Nxe4 Ngf6 9. O-O Nxe4 10. Qxe4 Nf6 11. Qd3 Qc7 12. Bf3 Bd6 13. c4 Rd8 14. Qc3
O-O 15. Bg5 Be7 16. Qe3 Qa5 17. h4 h6 18. Bf4 Qf5 19. Qe5 Bd6 $11 1/2-1/2

[Event "Open Semana Santa 2023"]
[Site "?"]
[Date "2023.04.08"]
[Round "6.82"]
[White "Salvador Buiza, Victor"]
[Black "Kita Ruiz, Ichiro"]
[Result "1/2-1/2"]
[WhiteElo "2195"]
[BlackElo "1919"]
[PlyCount "103"]

1. e4 e6 2. d4 d5 3. e5 c5 4. c3 Nc6 5. Nf3 Qb6 6. Bd3 cxd4 7. O-O Bd7 8. a4
Rc8 9. Kh1 Nge7 10. cxd4 Nb4 11. a5 Qc7 12. Nc3 Nxd3 13. Qxd3 Qc4 14. Qd1 Nf5
15. g4 Ne7 16. Be3 h5 17. gxh5 Nf5 18. Ng1 Bb4 19. Rc1 Qa6 20. Nge2 Rxh5 21.
Ng3 Nxg3+ 22. fxg3 g6 23. g4 Rh3 24. Rf3 Rh7 25. Bd2 Qxa5 26. Ra1 Qb6 27. Rd3
a5 28. Rc1 Qd8 29. Bf4 Rc4 30. Qf1 Qh4 31. Qg1 b5 32. Ne2 Be7 33. b3 Rxc1 34.
Bxc1 Bd8 35. Nf4 Qe7 36. Rc3 b4 37. Rc2 Bb5 38. Be3 Qb7 39. Qc1 Kd7 40. Rc5 Qa6
41. Kg1 Bb6 42. Nxd5 exd5 43. Rxd5+ Ke8 44. Rd6 Bd7 45. d5 Qe2 46. Rxb6 Qxh2+
47. Kf1 Qh1+ 48. Bg1 Qf3+ 49. Ke1 Qg3+ 50. Kf1 Qf3+ 51. Ke1 Qg3+ 52. Kf1
1/2-1/2

[Event "Open Semana Santa 2023"]
[Site "?"]
[Date "2023.04.08"]
[Round "6.83"]
[White "Molina Souponitskaia, Alexander"]
[Black "FM Cano Gimenez, Vicente"]
[Result "1/2-1/2"]
[WhiteElo "1959"]
[BlackElo "2180"]
[Annotator "Usuario"]
[PlyCount "89"]

1. e4 c5 2. Nf3 g6 3. d4 cxd4 4. Qxd4 Nf6 5. Nc3 Nc6 6. Qa4 d6 7. e5 dxe5 8.
Nxe5 Bd7 9. Nxd7 Qxd7 10. Be3 Bg7 11. Rd1 Qc8 12. Be2 O-O 13. O-O a6 14. Qb3 b5
15. a4 Na5 16. Qb4 Nc4 17. Bxc4 Qxc4 $11 18. Qxc4 bxc4 19. Bc5 Rfb8 20. Rb1 e6
21. Rfd1 Rd8 22. Bb6 Rd7 23. a5 Nd5 24. Na4 Rd6 25. c3 Rc6 26. g3 Rac8 27. f4
Bf8 28. Bf2 Bd6 29. Nb6 Nxb6 30. axb6 Bc5 31. Bxc5 Rxc5 32. b3 Rb8 33. bxc4
Rxc4 34. Rd7 Rxc3 35. Ra7 Kg7 36. Rxa6 Rc6 37. Kf2 Kf6 38. Rb5 h5 39. h3 Rb7
40. Ke3 Rb8 41. g4 hxg4 42. hxg4 Rb7 43. g5+ Kg7 44. Ke4 Rb8 45. Ke5 1/2-1/2

[Event "Open Semana Santa 2023"]
[Site "?"]
[Date "2023.04.08"]
[Round "6.84"]
[White "Correas Gonzalez, Jose Ramon"]
[Black "FM Eizaguerri Floris, Maria"]
[Result "1-0"]
[WhiteElo "1942"]
[BlackElo "2161"]
[PlyCount "75"]

1. e4 c5 2. Nf3 e6 3. d4 cxd4 4. Nxd4 Nc6 5. Nb5 d6 6. Bf4 e5 7. Be3 Be7 8.
N1c3 a6 9. Na3 Nf6 10. Bg5 b5 11. Bxf6 Bxf6 12. Nd5 Bg5 13. c3 O-O 14. Nc2 f5
15. a4 Rb8 16. axb5 axb5 17. Bd3 f4 18. Be2 Bh4 19. O-O Qg5 20. Kh1 Qh6 21. Bg4
Bb7 22. Qd3 Ne7 23. Ncb4 Qg6 24. Bf3 Nxd5 25. Nxd5 Bc8 26. Ra5 Qh6 27. Be2 Bd8
28. Ra7 g5 29. Rfa1 g4 30. Ne7+ Bxe7 31. Rxe7 f3 32. gxf3 gxf3 33. Bf1 Rb6 34.
Raa7 Be6 35. Qe3 Qg6 36. Qxb6 Rf7 37. Qxd6 Rxe7 38. Rxe7 1-0

[Event "Open Semana Santa 2023"]
[Site "?"]
[Date "2023.04.08"]
[Round "6.85"]
[White "Cubillo Munoz, Miguel"]
[Black "Suarez Hernan, Santiago"]
[Result "0-1"]
[WhiteElo "2161"]
[BlackElo "1917"]
[PlyCount "60"]

1. e4 c6 2. Nf3 d5 3. exd5 cxd5 4. Ne5 Nc6 5. d4 Nf6 6. c3 e6 7. Bd3 Bd6 8. f4
Qc7 9. O-O h6 10. Nd2 b6 11. Qe2 Bb7 12. a4 Nd7 13. h3 g5 14. Nxd7 Qxd7 15. f5
O-O-O 16. fxe6 fxe6 17. a5 Nxa5 18. b4 Nc6 19. Nb3 Bb8 20. b5 Qd6 21. Bf4 gxf4
22. bxc6 Bxc6 23. Nd2 Rhg8 24. Rfe1 Rg3 25. Ba6+ Bb7 26. Nf1 f3 27. Bxb7+ Kc7
28. Qxe6 Rxg2+ 29. Kh1 Qxe6 30. Rxe6 Kxb7 0-1

[Event "Open Semana Santa 2023"]
[Site "?"]
[Date "2023.04.08"]
[Round "6.86"]
[White "Zielonka, Adam"]
[Black "Arce Gonzalez, Dario"]
[Result "0-1"]
[WhiteElo "2156"]
[BlackElo "1908"]
[PlyCount "56"]

1. e4 e5 2. Nf3 Nc6 3. Bc4 Bc5 4. c3 Nf6 5. d4 exd4 6. e5 d5 7. Bb5 Ne4 8. cxd4
Bb6 9. Nc3 O-O 10. Be3 f5 11. exf6 Nxf6 12. O-O Ne7 13. h3 c6 14. Bd3 Bf5 15.
Qc2 Qc8 16. Rfe1 Bxd3 17. Qxd3 Qf5 18. Qxf5 Nxf5 19. b4 Ne4 20. Na4 Ned6 21.
Nb2 Nb5 22. Red1 Rae8 23. a4 Nbd6 24. Ra3 a6 25. Ne5 Bxd4 26. Bxd4 Nxd4 27.
Rxd4 Rxe5 28. Rd2 Re1+ 0-1

[Event "Open Semana Santa 2023"]
[Site "?"]
[Date "2023.04.08"]
[Round "6.87"]
[White "Serrano Almendros, Alejandro"]
[Black "Duller Llopis, Jouke"]
[Result "1-0"]
[WhiteElo "2151"]
[BlackElo "1889"]
[PlyCount "65"]

1. d4 d5 2. c4 e6 3. Nc3 Nf6 4. cxd5 exd5 5. Bg5 c6 6. e3 Be7 7. Bd3 Bg4 8. Qb3
Qb6 9. Qc2 Nbd7 10. h3 Be6 11. Nge2 h6 12. Bh4 Qd8 13. O-O Nh5 14. Bxe7 Qxe7
15. b4 g5 16. Bf5 Bxf5 17. Qxf5 Qe6 18. Qxe6+ fxe6 19. b5 c5 20. e4 Nhf6 21.
exd5 exd5 22. f4 gxf4 23. dxc5 Nxc5 24. Nxf4 d4 25. Rae1+ Kd7 26. Rd1 Rhd8 27.
Rxd4+ Kc7 28. Rc4 Kb6 29. Ne6 Nxe6 30. Rxf6 Rd6 31. Rf5 Nd4 32. Nd5+ Kxb5 33.
Rxd4 1-0

[Event "Open Semana Santa 2023"]
[Site "?"]
[Date "2023.04.08"]
[Round "6.88"]
[White "Bascunana Sanchez, Pablo"]
[Black "Nunez Miranda, Adrian"]
[Result "0-1"]
[WhiteElo "1918"]
[BlackElo "2142"]
[PlyCount "54"]

1. e4 c5 2. Nf3 Nc6 3. Bb5 g6 4. Bxc6 dxc6 5. d3 Bg7 6. h3 Nf6 7. Nc3 Nd7 8.
Be3 e5 9. Qd2 Qe7 10. Bh6 f6 11. Bxg7 Qxg7 12. Qe3 b6 13. O-O-O Nf8 14. Ne2 Ne6
15. Kb1 a5 16. c3 a4 17. a3 O-O 18. g4 b5 19. d4 b4 20. d5 cxd5 21. exd5 bxa3
22. dxe6 Bxe6 23. b4 axb3 24. Qxc5 Qb7 25. Nd2 b2 26. Qb4 Qa6 27. Qe4 Rfb8 0-1

[Event "Open Semana Santa 2023"]
[Site "?"]
[Date "2023.04.08"]
[Round "6.89"]
[White "Segura Marsa, Andres"]
[Black "Laverton, Christian"]
[Result "1/2-1/2"]
[WhiteElo "1916"]
[BlackElo "2137"]
[Annotator "Usuario"]
[PlyCount "37"]

1. e4 c6 2. c4 d5 3. exd5 cxd5 4. cxd5 Nf6 5. Qa4+ Nbd7 6. Nc3 g6 7. Bc4 Bg7 8.
d3 O-O 9. Nf3 a6 10. Qa3 Nb6 11. Qb3 Bf5 12. O-O Nbd7 13. a4 Nc5 14. Qd1 b5 15.
axb5 axb5 16. Rxa8 Qxa8 17. Bxb5 Nxd5 18. Nxd5 Qxd5 19. Bc4 $11 1/2-1/2

[Event "Open Semana Santa 2023"]
[Site "?"]
[Date "2023.04.08"]
[Round "6.90"]
[White "Lopez De Turiso Sanchez, Jose An"]
[Black "Ereza Vizcarra, Fernando"]
[Result "0-1"]
[WhiteElo "1904"]
[BlackElo "2131"]
[PlyCount "82"]

1. c4 d6 2. Nc3 e5 3. Nf3 f5 4. d4 e4 5. Ng5 c6 6. h4 h6 7. Nh3 Qxh4 8. g3 Qf6
9. e3 Qf7 10. Be2 Nf6 11. b4 Be7 12. Bb2 O-O 13. Rc1 Nbd7 14. c5 b5 15. d5 cxd5
16. Bxb5 Ne5 17. cxd6 Bxd6 18. a3 a5 19. bxa5 Rxa5 20. a4 Ba6 21. O-O Bxb5 22.
Nxb5 Bb8 23. Ba3 Rd8 24. Nf4 Nf3+ 25. Kg2 Bxf4 26. exf4 d4 27. Bc5 Nd5 28. Rh1
d3 29. Nd6 Qd7 30. Nb5 Qe6 31. Nd4 Nxd4 32. Bxd4 Nxf4+ 33. gxf4 Rxd4 34. Rc7
Rdxa4 35. Rh3 Ra7 36. Rc5 Ra1 37. Qd2 Qg6+ 38. Rg3 Qh5 39. Rh3 Rg1+ 40. Kxg1
Qxh3 41. Qb2 Ra6 0-1

[Event "Open Semana Santa 2023"]
[Site "?"]
[Date "2023.04.08"]
[Round "6.91"]
[White "Salvador Lopez, Daniel"]
[Black "Garbezza, Davide"]
[Result "1-0"]
[WhiteElo "2128"]
[BlackElo "1879"]
[PlyCount "49"]

1. e4 c6 2. d4 d5 3. e5 c5 4. dxc5 e6 5. c4 Nc6 6. cxd5 exd5 7. Nf3 Bxc5 8. Be2
Nge7 9. O-O O-O 10. Bg5 d4 11. Bd3 Bg4 12. Bxh7+ Kxh7 13. Qc2+ d3 14. Qxc5 Bxf3
15. gxf3 f6 16. exf6 gxf6 17. Bf4 Rg8+ 18. Bg3 Rg5 19. Qe3 Nf5 20. Qe4 Kg7 21.
Rd1 Qh8 22. f4 Re8 23. Qxd3 Rh5 24. Nc3 Rh3 25. Qxf5 1-0

[Event "Open Semana Santa 2023"]
[Site "?"]
[Date "2023.04.08"]
[Round "6.92"]
[White "Gomez Sanjuan, Hector Fernando"]
[Black "Lacomba Piqueras, Andres"]
[Result "0-1"]
[WhiteElo "2142"]
[BlackElo "1807"]
[PlyCount "110"]
[EventDate "2023.??.??"]

1. d4 Nf6 2. c4 e6 3. Nc3 Bb4 4. Qc2 c5 5. dxc5 O-O 6. Nf3 Nc6 7. g3 Bxc5 8.
Bg2 b6 9. O-O Bb7 10. Rd1 Rc8 11. Bg5 h6 12. Bxf6 Qxf6 13. Rxd7 Ba8 14. Rd2 Ne5
15. Ne4 Bxe4 16. Qxe4 Nxc4 17. Rc2 Na3 18. Rd2 Nc4 19. Rc2 Na3 20. Rc3 Nb5 21.
Rb3 Nd4 22. Nxd4 Bxd4 23. Rf3 Qe5 24. Qxe5 Bxe5 25. Rb1 Rc2 26. Ra3 Rxe2 27.
Bf3 Rd2 28. Rxa7 Bxb2 29. Rd1 Rfd8 30. Rxd2 Rxd2 31. Kf1 Bd4 32. Be2 Bc5 33.
Ke1 Rb2 34. h3 g6 35. g4 Rb1+ 36. Bd1 Bxf2+ 37. Ke2 Bc5 38. Rd7 Rb4 39. Rd3 Kg7
40. Bb3 f5 41. Kf3 e5 42. Rd7+ Kf6 43. Rf7+ Kg5 44. h4+ Kxh4 45. gxf5 Rf4+ 46.
Ke2 gxf5 47. Be6 Rf2+ 48. Ke1 Kg5 49. Rc7 Rf4 50. Bc8 h5 51. Rg7+ Kf6 52. Ra7
h4 53. a4 h3 54. Rh7 Bf2+ 55. Kf1 Rh4 0-1

[Event "Open Semana Santa 2023"]
[Site "?"]
[Date "2023.04.08"]
[Round "6.93"]
[White "O`cuilleanain, Oisin"]
[Black "Campos Busquiel, Alejandro"]
[Result "1/2-1/2"]
[WhiteElo "2122"]
[BlackElo "1730"]
[PlyCount "137"]
[EventDate "2023.??.??"]

1. e4 e6 2. d4 d5 3. Nd2 c5 4. exd5 Qxd5 5. Ngf3 cxd4 6. Bc4 Qd6 7. O-O Nf6 8.
Nb3 Nc6 9. Nbxd4 Nxd4 10. Nxd4 Bd7 11. c3 a6 12. Qf3 Qc7 13. Bb3 Bc5 14. Bf4
Bd6 15. Bxd6 Qxd6 16. Qxb7 O-O 17. Rad1 Qc5 18. Qf3 e5 19. Nc2 Bg4 20. Qg3 Bxd1
21. Rxd1 Rad8 22. Re1 Rfe8 23. Ne3 e4 24. Nc4 Rd3 25. Qf4 h6 26. h3 Nd5 27. Qf5
g6 28. Qg4 h5 29. Qg5 Kg7 30. Ne5 Nf6 31. Nxf7 Qxg5 32. Nxg5 Rd2 33. Ne6+ Kh6
34. Rb1 a5 35. Nd4 e3 36. fxe3 Rxe3 37. Nf3 Rd8 38. Kf2 Re7 39. Bc2 Ne4+ 40.
Bxe4 Rxe4 41. Rc1 g5 42. Re1 Rxe1 43. Kxe1 g4 44. hxg4 hxg4 45. Nd4 Kg6 46. Ke2
Re8+ 47. Kd3 Re1 48. c4 Kf6 49. c5 Ke5 50. Nc2 Rd1+ 51. Kc4 Rc1 52. Kb3 g3 53.
c6 Kd6 54. Nd4 a4+ 55. Kb4 a3 56. Kxa3 Ke5 57. Ne2 Rxc6 58. Nxg3 Rg6 59. Ne2
Rxg2 60. Nc3 Kd4 61. Kb3 Rg8 62. a4 Kc5 63. a5 Rb8+ 64. Ka3 Kc4 65. Na4 Rb3+
66. Ka2 Rb5 67. b3+ Kb4 68. Kb2 Kxa5 69. Kc3 1/2-1/2

[Event "Open Semana Santa 2023"]
[Site "?"]
[Date "2023.04.08"]
[Round "6.94"]
[White "Cano Mateos, Pablo"]
[Black "Aura, Daniel"]
[Result "1-0"]
[WhiteElo "2112"]
[BlackElo "1708"]
[PlyCount "99"]

1. b3 d5 2. Bb2 Nf6 3. Nf3 Bf5 4. e3 e6 5. d4 h6 6. Nbd2 Nbd7 7. Be2 Bd6 8. Rc1
O-O 9. Ne5 c6 10. O-O Qc7 11. f4 Ne4 12. c4 a5 13. Nxe4 Bxe4 14. Nd3 a4 15. c5
Be7 16. bxa4 Qa5 17. Qb3 Qxa4 18. Qxa4 Rxa4 19. a3 b6 20. cxb6 Nxb6 21. Ne5
Bxa3 22. Rxc6 Bxb2 23. Rxb6 Bc3 24. Rb3 Bb4 25. Bd3 Bxd3 26. Nxd3 Be7 27. Rfb1
g5 28. g3 gxf4 29. gxf4 Kh7 30. Kf2 Rg8 31. Ne5 Rg7 32. Kf3 Ra2 33. R1b2 Rxb2
34. Rxb2 Bd6 35. Nd7 Rg1 36. Rb6 Bc7 37. Rb7 Bd6 38. Rb6 Bc7 39. Rc6 Ba5 40.
Ne5 Rf1+ 41. Kg2 Re1 42. Kf2 Rh1 43. Nxf7 Rxh2+ 44. Kg3 Re2 45. Rxe6 Be1+ 46.
Kg4 Rg2+ 47. Kf5 h5 48. Ng5+ Kg7 49. Rg6+ Kf8 50. Ne6+ 1-0

[Event "Open Semana Santa 2023"]
[Site "?"]
[Date "2023.04.08"]
[Round "6.95"]
[White "Paragua, Megan Althea"]
[Black "FM Lorscheid, Gerhard"]
[Result "0-1"]
[WhiteElo "1900"]
[BlackElo "2112"]
[PlyCount "102"]
[EventDate "2023.??.??"]

1. Nf3 d6 2. d4 g6 3. e3 Bg7 4. Be2 Nf6 5. O-O O-O 6. b3 b6 7. Bb2 Bb7 8. Nbd2
Nbd7 9. c4 e6 10. Rc1 Qe7 11. b4 c5 12. Qb3 Rfd8 13. Rfd1 Rab8 14. b5 e5 15.
Nf1 Re8 16. Ng3 e4 17. Nd2 h5 18. h3 Nf8 19. Bf1 Ne6 20. d5 Ng5 21. Bxf6 Bxf6
22. Be2 h4 23. Ngf1 Bc8 24. Nh2 Bg7 25. a4 f5 26. Qa3 a5 27. bxa6 Ra8 28. Qb3
Rxa6 29. Qb5 Rd8 30. Nb1 Qa7 31. Nc3 Bd7 32. Qb3 Bxa4 33. Nxa4 Rxa4 34. Qb5 Rb4
35. Qc6 Nf7 36. f4 Qa2 37. Bf1 Qa3 38. Re1 Rb3 39. Red1 Rxe3 40. Qxb6 Rb3 41.
Qc7 Qb2 42. Rb1 Bd4+ 43. Kh1 Qf2 44. Bd3 Rxd3 45. Rxd3 exd3 46. Rf1 Qe2 47. Qa5
d2 48. Qa4 Kg7 49. Qd1 Re8 50. Nf3 Bc3 51. Qxe2 Rxe2 0-1

[Event "Open Semana Santa 2023"]
[Site "?"]
[Date "2023.04.08"]
[Round "6.96"]
[White "Bevia Martinez, Luis"]
[Black "Advaitt Srikant Koduri"]
[Result "0-1"]
[WhiteElo "2111"]
[BlackElo "1630"]
[PlyCount "82"]

1. c4 c5 2. Nc3 Nc6 3. g3 g6 4. Bg2 Bg7 5. Nf3 Nf6 6. O-O O-O 7. d4 d6 8. d5
Na5 9. Qd3 Bf5 10. e4 Bd7 11. Nd2 Qc7 12. b3 a6 13. Bb2 Rab8 14. Nd1 b5 15. Bc3
Nb7 16. h3 b4 17. Bb2 a5 18. a4 bxa3 19. Rxa3 Ra8 20. Nc3 Rfb8 21. Rfa1 Ra6 22.
g4 Rba8 23. f4 Nd8 24. Nf3 Qb8 25. e5 Ne8 26. Ne4 a4 27. Bc3 Bc8 28. bxa4 Bd7
29. a5 Nb7 30. Neg5 Qc7 31. e6 fxe6 32. Nxe6 Bxe6 33. dxe6 Bxc3 34. Rxc3 Rxa5
35. Rac1 Ra1 36. f5 R8a3 37. Rxa3 Rxc1+ 38. Kf2 Nf6 39. Ra8+ Nd8 40. fxg6 h6
41. Qd2 Ne4+ 0-1

[Event "Open Semana Santa 2023"]
[Site "?"]
[Date "2023.04.08"]
[Round "6.97"]
[White "Palomo Monserrat, Lorenzo"]
[Black "Gonzalez Castillo, Jose Javier"]
[Result "0-1"]
[WhiteElo "1890"]
[BlackElo "2107"]
[PlyCount "64"]

1. d4 d6 2. e4 Nf6 3. Nc3 e5 4. Nf3 Nbd7 5. Bc4 Be7 6. O-O O-O 7. Re1 h6 8. h3
c6 9. a4 Re8 10. Be3 Bf8 11. a5 Qc7 12. Bf1 exd4 13. Bxd4 Ne5 14. Be3 Ng6 15.
Ra4 Bd7 16. Qd2 b5 17. axb6 axb6 18. Rea1 Rxa4 19. Rxa4 c5 20. Ra1 Nxe4 21.
Nxe4 Rxe4 22. Bd3 Re6 23. Bf5 Rf6 24. Bxd7 Qxd7 25. b4 Rxf3 26. gxf3 Nh4 27.
Kf1 Qxh3+ 28. Ke2 Qxf3+ 29. Kd3 d5 30. c3 d4 31. cxd4 cxd4 32. Kxd4 Qf6+ 0-1

[Event "Open Semana Santa 2023"]
[Site "?"]
[Date "2023.04.08"]
[Round "6.98"]
[White "Bas Mas, Miguel"]
[Black "Kiryttopoulos, Ioannis"]
[Result "0-1"]
[WhiteElo "2107"]
[BlackElo "1620"]
[PlyCount "158"]

1. e4 c5 2. Nc3 e6 3. Nf3 a6 4. d4 cxd4 5. Nxd4 Qc7 6. Bd3 Nf6 7. O-O Be7 8.
Qe2 d6 9. Kh1 Nbd7 10. f4 b5 11. a3 Bb7 12. Bd2 O-O 13. Rae1 Nc5 14. b4 Nxd3
15. cxd3 Rfd8 16. Rc1 Qd7 17. Be3 Bf8 18. Nb3 Rac8 19. Bb6 Re8 20. Bg1 g6 21.
Bd4 Bg7 22. Bxf6 Bxf6 23. e5 Bg7 24. Ne4 Bxe4 25. Qxe4 d5 26. Qd4 Bf8 27. Qb6
Rb8 28. Qc6 Qa7 29. d4 Re7 30. Rc2 Rb6 31. Qc3 Rd7 32. Rfc1 Be7 33. Qc8+ Rd8
34. Qc7 Rd7 35. Qc3 Kg7 36. g4 Bd8 37. Qd3 Rc7 38. Rc5 Rxc5 39. dxc5 Rc6 40.
Nd4 Rc8 41. f5 Bc7 42. f6+ Kf8 43. Qe3 Ke8 44. Qh6 Bxe5 45. Qg7 Qe7 46. Qg8+
Qf8 47. Qxf8+ Kxf8 48. Nb3 Bxf6 49. Rc2 Bd8 50. Kg2 Ke7 51. Rd2 Bc7 52. h3 Rd8
53. Nd4 Kd7 54. a4 Be5 55. Nf3 Bc3 56. Ra2 Bxb4 57. axb5 axb5 58. Ne5+ Ke8 59.
Nc6 Bxc5 60. Nxd8 Kxd8 61. Ra5 Bd4 62. Rxb5 Kc7 63. Kf3 h5 64. gxh5 gxh5 65.
Kf4 h4 66. Rb4 Bf2 67. Ke5 Bg3+ 68. Kd4 Kc6 69. Ra4 e5+ 70. Kd3 e4+ 71. Ke3 f5
72. Ra6+ Kb5 73. Ra1 f4+ 74. Kd4 e3 75. Ra2 Kb4 76. Rb2+ Ka3 77. Re2 Bf2 78.
Kxd5 f3 79. Rc2 e2 0-1

[Event "Open Semana Santa 2023"]
[Site "?"]
[Date "2023.04.08"]
[Round "6.99"]
[White "Pons Morro, Mateo"]
[Black "Ainsa Jimenez, Lucas"]
[Result "1-0"]
[WhiteElo "2105"]
[BlackElo "1533"]
[PlyCount "65"]

1. e4 e5 2. Nf3 Nc6 3. d4 exd4 4. Nxd4 Qf6 5. Nf3 Bb4+ 6. c3 Bc5 7. Bg5 Qg6 8.
Bd3 Ne5 9. h4 Nxd3+ 10. Qxd3 h6 11. Bf4 Qb6 12. b4 Bxf2+ 13. Ke2 Nf6 14. Nbd2
Ng4 15. Nc4 Qe6 16. Bxc7 O-O 17. Raf1 f5 18. e5 Qc6 19. Bd6 Rf7 20. Rxf2 Nxf2
21. Kxf2 Qe4 22. Rd1 b6 23. Qd5 Qxd5 24. Rxd5 Bb7 25. Rd4 Be4 26. b5 Rc8 27.
Bb4 Ra8 28. Nd6 Bxf3 29. Nxf7 Kxf7 30. Rxd7+ Ke8 31. Re7+ Kf8 32. Kxf3 a5 33.
Ra7+ 1-0

[Event "Open Semana Santa 2023"]
[Site "?"]
[Date "2023.04.08"]
[Round "6.100"]
[White "Santamaria Baeza, Adolfo"]
[Black "Piqueras Guardiola, Francisco"]
[Result "0-1"]
[WhiteElo "1815"]
[BlackElo "2105"]
[PlyCount "78"]

1. e4 e6 2. d4 d5 3. e5 c5 4. c3 Nc6 5. Nf3 Qb6 6. Bd3 Nh6 7. O-O Bd7 8. dxc5
Qc7 9. b4 a5 10. Qe1 Be7 11. Na3 Na7 12. Nd4 Ng4 13. f4 b6 14. Qg3 h5 15. h3
axb4 16. cxb4 bxc5 17. hxg4 cxd4 18. Bd2 hxg4 19. Qxg4 g6 20. Qe2 Kf8 21. Nc2
Nb5 22. a3 Kg7 23. Rfc1 Qb6 24. Qf2 Rh7 25. Bxb5 Bxb5 26. Nxd4 Qa7 27. Be3 Rah8
28. Qg3 Qd7 29. Qg4 Bd3 30. Kf2 Rh2 31. Rg1 Bh4+ 32. Kf3 Bf5 33. Qxf5 exf5 34.
b5 Be7 35. Rgc1 Rc8 36. Nc6 d4 37. Nxd4 Qd5+ 38. Ke2 Rxg2+ 39. Kf1 Rh8 0-1

[Event "Open Semana Santa 2023"]
[Site "?"]
[Date "2023.04.08"]
[Round "6.101"]
[White "Persson Bogdanovic, Nils Oskar"]
[Black "Donate Moreno, Silvia"]
[Result "0-1"]
[WhiteElo "1690"]
[BlackElo "2077"]
[Annotator "Usuario"]
[PlyCount "105"]

1. e4 c5 2. Nf3 d6 3. d4 cxd4 4. Nxd4 Nf6 5. Nc3 a6 6. Be3 e5 7. Nb3 Be7 8. f3
O-O 9. Qd2 Be6 10. O-O-O Nbd7 11. g4 b5 12. g5 Nh5 13. Nd5 Bxd5 14. exd5 f6 15.
Na5 fxg5 16. Nc6 Qe8 17. Nxe7+ Qxe7 18. Bxg5 Qe8 19. Qb4 Nc5 20. Qg4 Ra7 21.
Rg1 Nf4 22. h4 Rc7 23. Rd2 Kh8 24. h5 Qxh5 25. Qg3 Qf7 26. Rh2 Qf5 27. Rgh1 g6
28. Qh4 Qf7 29. Bh6 Rfc8 30. Qg4 Nxd5 31. Bg5 Qg8 32. Rh6 Rf8 33. Qh4 Ne6 34.
Bd3 Nxg5 35. Qxg5 Nf4 36. Bxg6 Nxg6 37. Rxg6 Qxa2 38. Qh6 Qf7 39. Rxd6 Qxf3 40.
Rxa6 Qf2 41. Rc6 Rd7 42. Rd6 Rc7 $11 43. Rc6 $11 Rg7 44. Qd6 e4 45. Qe5 e3 46.
Qc3 Qf1+ 47. Qe1 Qg2 48. Re6 Rc8 49. c3 Ra8 50. Kb1 Rga7 51. Rxh7+ Rxh7 52.
Rxe3 Rh1 53. Qxh1+ 0-1

[Event "Open Semana Santa 2023"]
[Site "?"]
[Date "2023.04.08"]
[Round "6.102"]
[White "Anton Ortiz, Carlos"]
[Black "Mateu Guiu, Esteve"]
[Result "0-1"]
[WhiteElo "1668"]
[BlackElo "2071"]
[PlyCount "54"]

1. d4 Nf6 2. Nf3 e6 3. c4 b6 4. g3 Bb7 5. Bg2 Be7 6. Nc3 O-O 7. O-O Ne4 8. Qc2
Nxc3 9. bxc3 Nc6 10. Rb1 d6 11. Ba3 Na5 12. Qd3 Ba6 13. Nd2 d5 14. Bb4 Nxc4 15.
Nxc4 Bxc4 16. Qd2 c5 17. dxc5 bxc5 18. Ba3 Qa5 19. Bb2 Rab8 20. a3 Qb5 21. Rfe1
Ba2 22. Ra1 Qxb2 23. Rxa2 Qxd2 24. Rxd2 Rb3 25. e4 Bf6 26. exd5 Bxc3 27. Re3
Rb1+ 0-1

[Event "Open Semana Santa 2023"]
[Site "?"]
[Date "2023.04.08"]
[Round "6.103"]
[White "Mendez Gimenez, Nestor Emmanuel"]
[Black "Pousada Garcia, Daniel"]
[Result "1/2-1/2"]
[WhiteElo "1657"]
[BlackElo "2061"]
[PlyCount "38"]

1. e4 e5 2. Nf3 Nf6 3. d4 Nxe4 4. Bd3 d5 5. Nxe5 Bd6 6. O-O O-O 7. Nd2 f5 8. c4
Nd7 9. cxd5 Nxe5 10. dxe5 Bxe5 11. Re1 Bxh2+ 12. Kxh2 Qh4+ 13. Kg1 Nxf2 14. Nf3
Qg3 15. Qe2 Nh3+ 16. Kh1 Nf2+ 17. Kg1 Nh3+ 18. Kh1 Nf2+ 19. Kg1 Nh3+ 1/2-1/2

[Event "Open Semana Santa 2023"]
[Site "?"]
[Date "2023.04.08"]
[Round "6.104"]
[White "FM Carbonell Sancho, Marc"]
[Black "Harutian, Arthur William"]
[Result "1-0"]
[WhiteElo "2346"]
[BlackElo "1376"]
[PlyCount "63"]

1. e4 e5 2. Nf3 Nc6 3. Bc4 Bc5 4. b4 Bxb4 5. c3 Ba5 6. d4 exd4 7. Qb3 Qe7 8.
O-O Bb6 9. cxd4 Nxd4 10. Nxd4 Bxd4 11. Nc3 Nf6 12. Nb5 Bxa1 13. Nxc7+ Kd8 14.
Nxa8 Bd4 15. Ba3 Qxe4 16. Bb4 Ng4 17. Ba5+ b6 18. Nxb6 axb6 19. Bxb6+ Bxb6 20.
Qxb6+ Ke8 21. Qa5 Qxc4 22. Re1+ Qe6 23. Rxe6+ fxe6 24. Qh5+ g6 25. Qxg4 Rf8 26.
a4 Rf5 27. Qb4 Rf6 28. Qc3 Ke7 29. Qxc8 e5 30. a5 Rf4 31. g3 Ra4 32. a6 1-0